Statistics for Top 10 Things People are Scared of

Click here to take the quiz!

General Stats

  • This quiz has been taken 143 times
  • The average score is 4 of 10

Answer Stats

HintAnswer% Correct
ArachnophobiaSpiders
96%
AcrophobiaHeights
67%
NecrophobiaDeath
64%
AerophobiaFlying
64%
ClaustrophobiaConfined Spaces
63%
AgoraphobiaOpen spaces
36%
SociophobiaPublic Speaking
20%
MusophobiaRats
8%
BrontophobiaStorms
5%
EmetophobiaVomitting
5%

Score Distribution

Percentile by Number Answered

Percent of People with Each Score

Your Score History

You have not taken this quiz